000 00560nam a2200229Ia 4500
003 OSt
005 20220924151829.0
006 a|||||r|||| 00| 0
007 ta
008 220923b |||||||| |||| 00| 0 mar d
024 _a339280
037 _cTextual
040 _aARTS
_cARTS
_bmar
041 _2mar
_amar
082 _aNTv4435.N3, 155J6
100 _aKale
_9197904
245 0 _aLalitkalecha sahvasant
260 _c1956
650 _aTHEATER
942 _hNTv4435.N3, 155J6
_cTEXL
_2CC
999 _c467796
_d467796